| 000 | 00750nam a22002177a 4500 | ||
|---|---|---|---|
| 003 | UA-OsUOA | ||
| 001 | 50044 | ||
| 007 | ta | ||
| 008 | 20071022b un ||||| |||| 00| 0 ukr d | ||
| 100 | _aКурганський К. | ||
| 090 |
_a908 _bК93 |
||
| 942 | _cSA | ||
| 040 |
_aUA-OsUOA _bukr _cUA-OsUOA _dUA-OsUOA |
||
| 245 | _aНарешті... Острозька академія розпочинає демонтає колишнього будинку культури, і в скорому часі на цьому місці з'явиться справжній архітектурний шедевр | ||
| 300 | _aС.1 | ||
| 955 | _a0 | ||
| 041 | _aukr | ||
| 080 | _a908 | ||
| 773 | 0 | _w50043 | |
| 650 | 7 |
_a908 Краєзнавство _2UDC |
|
| 999 |
_c336141 _d336141 |
||